|
|
|
|
| LEADER |
00000nam0a2200000 4500 |
| 001 |
352935 |
| 005 |
20231102010539.0 |
| 035 |
|
|
|a (RuTPU)RU\TPU\retro\9848
|
| 035 |
|
|
|a RU\TPU\retro\9847
|
| 090 |
|
|
|a 352935
|
| 100 |
|
|
|a 20200220d1963 k y0rusy50 ca
|
| 101 |
0 |
|
|a rus
|
| 102 |
|
|
|a RU
|
| 105 |
|
|
|a a z 000zy
|
| 200 |
1 |
|
|a Онтогенез и филогенетические связи нового вида bairdestheria (crustacea)
|e [оттиск статьи]
|f С. С. Красинец
|
| 210 |
|
|
|a Москва
|d 1963
|
| 215 |
|
|
|a С. 84-88
|c ил.
|
| 225 |
1 |
|
|a Палеонтологический журнал
|v № 3
|
| 320 |
|
|
|a Библиогр.: с. 88
|
| 606 |
1 |
|
|a Ракообразные ископаемые
|2 stltpush
|3 (RuTPU)RU\TPU\subj\23783
|9 48312
|
| 610 |
1 |
|
|a коллекция ТПУ
|
| 610 |
1 |
|
|a оттиски
|
| 610 |
1 |
|
|a новые виды
|
| 610 |
1 |
|
|a верхнепалеозойские отложения
|
| 610 |
1 |
|
|a морфологические элементы
|
| 610 |
1 |
|
|a голотип
|
| 610 |
1 |
|
|a описания
|
| 610 |
1 |
|
|a сравнения
|
| 610 |
1 |
|
|a распространение
|
| 675 |
|
|
|a 565.3
|v 4
|
| 700 |
|
1 |
|a Красинец
|b С. С.
|
| 801 |
|
1 |
|a RU
|b 63413507
|c 20200219
|
| 801 |
|
2 |
|a RU
|b 63413507
|c 20200220
|g RCR
|
| 942 |
|
|
|c BK
|